000 00485nam a2200157Ia 4500
008 210716s2010 xx 000 0 und d
020 _a9780070159297
041 _aeng
082 _a332.6328 CHAN
100 _aChatnani, Niti Nandini.
245 _aCommodity markets: operations instruments and applications.
_bOperations instruments and applications.
250 _a1
260 _aNew Delhi
_bTata McGraw Hill Publishing Company Ltd
_c2010
300 _axxvi,299
650 _aNone
999 _c205304
_d205304